| 000 | 00954cam a22002655a 4500 | ||
|---|---|---|---|
| 001 | 1964228 | ||
| 005 | 20160110143404.0 | ||
| 008 | 880318s1989 enk frb 001 0 eng d | ||
| 020 | _a9780415013512 | ||
| 020 | _a0415013518 | ||
| 040 |
_aDLC _beng _cDLC _dDLC _dEG-ScBUE _dEG-ScBUE |
||
| 082 | 0 | 4 |
_a320.5 _bMOD _222 |
| 245 | 0 | 0 |
_aModern political theory from Hobbes to Marx : _bkey debates / _cedited and introduced by Jack Lively and Andrew Reeve. |
| 260 |
_aLondon ; _aNew York : _bRoutledge, _cc.1989. |
||
| 300 |
_avi, 311 p. ; _c22 cm. |
||
| 500 | _aAnthology of articles on Hobbes, Locke, Rousseau, Burke, Bentham, Mill, and Marx. | ||
| 500 | _aIndex : p. 303-311. | ||
| 504 | _aIncludes bibliographies references. | ||
| 650 | 7 |
_aPolitical science _xHistory. _2BUEsh _99516 |
|
| 651 | _2BUEsh | ||
| 653 |
_bBUSBOL _cJuly2015 _cDecember2015 _cJanuary2016 |
||
| 700 | 1 |
_aLively, Jack, _eeditor. |
|
| 700 | 1 |
_aReeve, Andrew, _eeditor. |
|
| 942 | _2ddc | ||
| 999 |
_c20283 _d20255 |
||